| 000 | 00620nam a22002057a 4500 | ||
|---|---|---|---|
| 003 | 0 | ||
| 005 | 20250829093650.0 | ||
| 008 | 250829b xxu||||| |||| 00| 0 eng d | ||
| 020 | _a978-1-350-10482-2 | ||
| 050 |
_aBH 301.V53 _b.B37 2025 |
||
| 100 |
_aBartel, Christopher, _eauthor. |
||
| 245 |
_aAesthetics and video games / _cChristopher Bartel. |
||
| 260 |
_aLondon : _bBloomsbury Academic, _c2025. |
||
| 300 |
_aix, 237 pages ; _c22 cm. |
||
| 504 | _aIncludes bibliographical references and index. | ||
| 650 |
_aVideo games _xPhilosophy. |
||
| 650 | _aAesthetics. | ||
| 650 |
_aArt _xPhilosophy. |
||
| 942 |
_2lcc _cBK |
||
| 999 |
_c367674 _d367674 |
||